000 00370nam a2200157Ia 4500
008 210210b1980 xxu||||| |||| 00| 0 eng d
082 _a589.9 CLII
100 _aCLIFTON (C E).
245 _aIntroduction to the bacteria. Ed 2.
250 _a
260 _a
_bClifton (C E).
_c1980
300 _axiv,558
650 _aBacteria
690 _aBotany
906 _a046078
999 _c95343
_d95343